| 000 | 01672nam a2200469 c 4500 | ||
|---|---|---|---|
| 001 | 52118 | ||
| 003 | ES-MaCES | ||
| 005 | 20251115040004.0 | ||
| 008 | 220218s2021 sp 000 | spa d | ||
| 017 |
_aAB 545-2021 _bDL |
||
| 020 | _a9788418330674 | ||
| 040 |
_aES-MaCES _bspa _cES-MaCES |
||
| 245 | 0 | 0 |
_aSindicalismo y capitalismo digital _b: los límites del conflicto _cJosé Manue Gómez Muñoz (dir.) ; Juan Manuel Moreno Díaz (coord.) ; [autores], Federico Navarro Nieto ... [et al.] |
| 250 | _a1ª ed | ||
| 260 |
_aAlbacete _bBomarzo _c2021 |
||
| 300 |
_a313 p. _c24 cm |
||
| 490 | 1 | _aColección Estudios | |
| 541 | _cCompra | ||
| 650 | 4 |
_aeconomía colaborativa _937923 |
|
| 650 | 4 |
_anuevas tecnologías _930788 |
|
| 650 | 4 |
_atecnología de la información _930104 |
|
| 650 | 4 |
_ateletrabajo _929568 |
|
| 650 | 4 |
_arelaciones laborales _928369 |
|
| 650 | 4 |
_acondiciones de trabajo _928327 |
|
| 650 | 4 |
_aconflicto de trabajo _928367 |
|
| 650 | 4 |
_anegociación colectiva _928362 |
|
| 650 | 4 |
_asindicalismo _929453 |
|
| 650 | 4 |
_aactitud sindical _929839 |
|
| 650 | 4 |
_arepresentación de los trabajadores _928379 |
|
| 650 | 4 |
_aderechos de los trabajadores _929924 |
|
| 650 | 4 |
_aderechos de la dirección _929896 |
|
| 650 | 4 |
_aderecho del trabajo _927165 |
|
| 650 | 4 |
_aEspaña _926964 |
|
| 650 | 4 |
_arégimen jurídico _929894 |
|
| 653 | 1 | 0 | _aRelaciones laborales-Empleo |
| 700 | 1 |
_913662 _aGómez Muñoz, José Manuel _edir. |
|
| 700 | 1 |
_938515 _aMoreno Díaz, Juan Manuel _ecoord. |
|
| 700 | 1 |
_919531 _aNavarro Nieto, Federico |
|
| 830 | 0 |
_aColección Estudios (Editorial Bomarzo) _939568 |
|
| 902 | _aLIB Libro | ||
| 942 |
_2CES _cBK _h2.0. |
||
| 999 |
_c52118 _d52118 |
||